| 000 | 00623cam a22002291 4500 | ||
|---|---|---|---|
| 001 | sa 68005248 | ||
| 003 | DLC | ||
| 005 | 20260227112507.0 | ||
| 008 | 941108s1967 ii 000 0 gujo | ||
| 010 | _asa 68005248 | ||
| 025 | _aPL480:I-Gu-1155 | ||
| 035 | _a(OCoLC)31426006 | ||
| 040 |
_aDLC _cCU _dCU _dDLC |
||
| 042 | _apremarc | ||
| 050 | 0 | 0 |
_aDS421.5 _b.M23 |
| 100 | 1 |
_aMadia, Chunilal Kalidas, _d1922-1968. |
|
| 245 | 1 | 0 | _aCopāṭīne bāṅkaḋethī. |
| 260 | _c[1967] | ||
| 300 |
_a111 p. _c18 cm. |
||
| 500 | _aIn Gujarati. | ||
| 651 | 0 |
_aIndia _xSocial life and customs _xAnecdotes, facetiae, satire, etc. |
|
| 999 |
_c80604 _d80604 |
||